| 000 | 01064cam a2200313 i 4500 | ||
|---|---|---|---|
| 001 | 14387 | ||
| 003 | BD-RjUL | ||
| 005 | 20211208235623.0 | ||
| 008 | 140205s1978 enka b 001 0 eng | ||
| 020 | _a0080227309 | ||
| 020 | _a008023223X (pbk) | ||
| 035 | _a(BD-RjUL)14439 | ||
| 040 |
_aDLC _cDLC _dBD-RjUL _beng |
||
| 041 | _aeng | ||
| 082 | 0 | 0 |
_a621.38109 _bDUE 1978 |
| 100 | 1 |
_aDummer, G. W. A. _q(Geoffrey William Arnold) _942497 |
|
| 245 | 1 | 0 |
_aElectronic inventions and discoveries / _cby G. W. A. Dummer. |
| 250 | _a2d rev. and expanded ed. | ||
| 260 |
_aOxford [Eng.] ; _aNew York : _bPergamon Press, _cc1978. |
||
| 300 |
_a204 p. : _bill. ; _c28 cm. |
||
| 490 | 0 | _aApplied electricity and electronics | |
| 500 | _aPrevious ed. published under title: Electronic inventions from 1745 to 1976. | ||
| 504 | _aIncludes bibliographical references and index. | ||
| 650 | 0 |
_aElectronics _xHistory. _944884 |
|
| 650 | 0 |
_aElectronic apparatus and appliances _xHistory. _944885 |
|
| 942 |
_2ddc _cBK |
||
| 999 |
_c14387 _d14387 |
||